000
00272cam a22000977a 4500
008
180718b xxu||||| |||| 00| 0 eng d
082
_a
T216103x42 Un3
245
_a
Iron and steel act
260
_a
London
_b
Her Majesty's Stationery Office
_c
500
_a
Contents : 1949,1953, 1967
999
_c
422446
_d
422446